| 000 | 00420nam a2200157 i 4500 | ||
|---|---|---|---|
| 001 | 52226 | ||
| 003 | ES-MaACL | ||
| 007 | t| | ||
| 008 | 030826s1922 fr ||||1| fre d | ||
| 100 | 1 |
_aChauffard, A. _938201 |
|
| 245 | 1 | 3 |
_aLa lithiase biliaire / _cpar A. Chauffard. |
| 250 | _a10eme. ed. | ||
| 260 |
_aParis : _bMasson et Cie, _c1922 ( _fLahure) |
||
| 300 |
_a247 p., 24 lám. ; _c24 cm. |
||
| 852 |
_aES-MaACL _jE-851 |
||
| 999 |
_c52226 _d52226 |
||